| 000 | 00000nam##2200000za#4500 |
| 001 | 9.693508 |
| 003 | CaOODSP |
| 005 | 20210624233710 |
| 007 | cr ||||||||||| |
| 008 | 150407|2001||||xxc|||||o f|0| 0 eng|d |
| 040 | |aCaOODSP|beng |
| 043 | |an-cn--- |
| 086 | 1 |aA22-166/1-2001E-PDF |
| 110 | 1 |aCanada. |bAgriculture and Agri-Food Canada. |
| 245 | 10|aAgriculture in harmony with nature : |h[electronic resource]|bII, Agriculture and Agri-Food Canada's sustainable development strategy, 2001-2004 |
| 260 | |aOttawa - Ontario : |bAgriculture and Agri-Food Canada |cc2001. |
| 300 | |a80p. |
| 500 | |aThe catalogue number (A22-166/1-2001E) and ISBN (0-662-29910-8) copied in this electronic publication are incorrect. |
| 590 | |a10-05-Supp|b2010-07-20 |
| 690 | 07|aNatural resources|2gcpds |
| 690 | 07|aAgricultural sector|2gcpds |
| 690 | 07|aAgricultural policy|2gcpds |
| 690 | 07|aEnvironmental management|2gcpds |
| 775 | 08|tL'agriculture en harmonie avec la nature : |w(CaOODSP)9.637686 |
| 776 | 0#|tAgriculture in harmony with nature : |w(CaOODSP)9.648013 |
| 856 | 40|ahttp://publications.gc.ca|qPDF|s579 KB|uhttps://publications.gc.ca/collections/Collection/A22-166-1-2001E.pdf |